| 000 | 00457nam a2200121Ia 4500 | ||
|---|---|---|---|
| 008 | 171212s9999 xx 000 0 und d | ||
| 020 | _a9780833089113 | ||
| 100 | _aLibicki, Martin C.;Ablon, Lillian;Webb, Tim | ||
| 245 |
_cLibicki, Martin C.;Ablon, Lillian;Webb, Tim _aThe Defender’s Dilemma _bCharting a Course Toward Cybersecurity |
||
| 260 |
_bRAND Corporation _c2015 |
||
| 650 | _aTechnology | ||
| 856 | _uhttp://www.jstor.org/stable/10.7249/j.ctt15r3x78 | ||
| 999 |
_c352633 _d352633 |
||